| 000 | 00512nam a2200217Ia 4500 | ||
|---|---|---|---|
| 003 | IT-RoPAU | ||
| 008 | 120407s9999 xx 000 0 und d | ||
| 040 | _aIT-RoPAU | ||
| 040 | _cIT-RoPAU | ||
| 041 | _aita | ||
| 100 | _aLuigi Della Torre | ||
| 245 | _aIn copia verso il matrimonio. Cammino di fede per vivere il matrimonio cristiano | ||
| 250 | _aRoma | ||
| 260 | _aCentro Catechistico EP | ||
| 260 | _c1980 | ||
| 300 | _a80 p. | ||
| 300 | _c21 cm | ||
| 490 | _v1 | ||
| 942 | _cBK | ||
| 999 |
_c36825 _d36825 |
||